Research indentified risidual toxic heavy metals (Cu, Pb, Cd, Zn) in rice by method von-ampe soluble :Master thesis - International Master in Environmental Sciences and Management
Saved in:
| Main Author: | |
|---|---|
| Format: | Luận văn |
| Language: | Undetermined |
| Published: |
Trường Đại học Công nghiệp Tp. Hồ Chí Minh
2013
|
| Subjects: | |
| Tags: |
Add Tag
No Tags, Be the first to tag this record!
|
| Institutions: | Trung tâm Thư viện - Trường Đại học Công nghiệp TP. Hồ Chí Minh |
|---|
| LEADER | 00700nam a2200157Ia 4500 | ||
|---|---|---|---|
| 001 | UIH_01754 | ||
| 008 | 230809s9999 xx 000 0 und d | ||
| 082 | |a 628 | ||
| 100 | |a Trieu Kim Phuong | ||
| 245 | 0 | |a Research indentified risidual toxic heavy metals (Cu, Pb, Cd, Zn) in rice by method von-ampe soluble :Master thesis - International Master in Environmental Sciences and Management | |
| 245 | 0 | |c Trieu Kim Phuong | |
| 260 | |b Trường Đại học Công nghiệp Tp. Hồ Chí Minh | ||
| 260 | |c 2013 | ||
| 650 | |a Kim loại nặng; Công nghệ môi trường | ||
| 927 | |a Luận văn | ||
| 980 | |a Trung tâm Thư viện - Trường Đại học Công nghiệp TP. Hồ Chí Minh | ||